Navigating the Labyrinth: Perspectives on India's Higher Education (Record no. 176489)

MARC details
000 -LEADER
fixed length control field 00717nam a22001937a 4500
005 - DATE AND TIME OF LATEST TRANSACTION
control field 20210104112013.0
010 ## - LCCN (DPL NO)
LC control number ENG-128717
020 ## - INTERNATIONAL STANDARD BOOK NUMBER
International Standard Book Number 978-93-5287-276-3
Terms of availability 695.00
035 ## - SYSTEM CONTROL NUMBER
System control number EN-112249
037 ## - SOURCE OF ACQUISITION
Source of stock number/acquisition DBAD/PUB
082 ## - DEWEY DECIMAL CLASSIFICATION NUMBER
Classification number 378.54
245 ## - TITLE STATEMENT
Title Navigating the Labyrinth: Perspectives on India's Higher Education
Statement of responsibility, etc edited by Devesh Kapur and Pratap Bhanu Mehta
260 ## - PUBLICATION, DISTRIBUTION, ETC. (IMPRINT)
Place of publication, distribution, etc Telangana
Name of publisher, distributor, etc Orient Blackswan Private Limited
Date of publication, distribution, etc 2019
270 ## - ADDRESS
City Telangana
Postal code 500029
Address 3-6-752, Himayatnagar, Hyderabad
Electronic mail address info@orientblackswan.com
300 ## - PHYSICAL DESCRIPTION
Extent x+273p.
Dimensions 22cm(pbk)
Other physical details including tables and index.
700 ## - ADDED ENTRY--PERSONAL NAME
Personal name Kapur, Devesh, Ed.
700 ## - ADDED ENTRY--PERSONAL NAME
Personal name Mehta, Pratap Bhanu, Ed.
942 ## - ADDED ENTRY ELEMENTS (KOHA)
Source of classification or shelving scheme Dewey Decimal Classification
Item type English Books
Classification part 378.54
Call number suffix NAV
Holdings
Withdrawn status Lost status Not for loan Collection code Home library Current library Date acquired Source of acquisition Cost, normal purchase price Full call number Barcode Copy number Cost, replacement price Koha item type
      Non-fiction Central Library Central Library 04/01/2021 DBAD/PUB 695.00 378.54 NAV EN-112249 1 695.00 English Books

© Delhi Public Library
Hit Counter
free hit counter